Konfucianizmus v súčasnej čínskej politike a kultúre bakalárska práca

Enregistré dans:
Détails bibliographiques
Auteur principal: Lépes, Karol
Collectivité auteur: Fakulta medzinárodných vzťahov EU. Katedra medzinárodných ekonomických vzťahov a hospodárskej diplomacie
Autres auteurs: Škvrnda, František, ml., 1987-
Format: Livre
Langue:slovaque
Publié: Bratislava 2019
Tags: Ajouter un tag
Pas de tags, Soyez le premier à ajouter un tag!

MARC

LEADER 00000nbm a2200000 4500
001 0255179
005 20210520094451.3
041 0 |a slo 
044 |a SK 
245 1 0 |a Konfucianizmus v súčasnej čínskej politike a kultúre  |b bakalárska práca  |c Karol Lépes ; školiteľ: František Škvrnda ml. 
264 1 |a Bratislava  |c 2019 
300 |a 45 s. 
100 1 |a Lépes, Karol 
700 1 |a Škvrnda, František, ml., 1987- 
710 2 |a Fakulta medzinárodných vzťahov EU. Katedra medzinárodných ekonomických vzťahov a hospodárskej diplomacie